000 00646nam a2200181Ia 4500
008 100920s9999 xx 000 0 und d
082 _b89355
_a891.463.1 थ 64
100 _aआपटे हरि नारायण.
245 _aचाणाक्षपणाचा कळस !.
260 _bआर्यभूषण मुद्रणालय, पुणे 4.
_c1964
300 _a127
_bसाधी
365 _b1.5
520 _aलघुकथा.
630 _aचाणाक्षपणाचा कळस !.
650 _aलघुकथा.
730 _aचाणाक्षपणाचा कळस !.
942 _cBOOK
999 _c729852
_d729849